So great a light, so great a smoke (Record no. 127840)
[ view plain ]
| 000 -LEADER | |
|---|---|
| fixed length control field | 01612nam a2200373Ia 4500 |
| 082 04 - DEWEY DECIMAL CLASSIFICATION NUMBER | |
| Classification number | 282/.4480902 |
| 100 1# - MAIN ENTRY--AUTHOR NAME | |
| Personal name | Burnham, Louisa A. |
| 245 10 - TITLE STATEMENT | |
| Title | So great a light, so great a smoke |
| 260 ## - PUBLICATION, DISTRIBUTION, ETC. (IMPRINT) | |
| Place of publication | Ithaca : |
| Name of publisher | Cornell University Press, |
| Year of publication | 2008. |
| 300 ## - PHYSICAL DESCRIPTION | |
| Number of Pages | xiv, 217 p. : |
| Other physical details | maps. |
| 490 1# - SERIES STATEMENT | |
| Series statement | Conjunctions of religion and power in the medieval past |
| 500 ## - GENERAL NOTE | |
| General note | Originally presented as the author's thesis (Ph. D.)--Northwestern University, 2000. |
| 650 #0 - SUBJECT ADDED ENTRY--TOPICAL TERM | |
| Topical Term | Franciscan Spirituals |
| Topical Term | Third orders |
| 856 40 - ELECTRONIC LOCATION AND ACCESS | |
| Uniform Resource Identifier | http://site.ebrary.com/lib/rucke/Doc?id=10457632 |
No items available.
